| 000 | 00539nam a2200193Ia 4500 | ||
|---|---|---|---|
| 005 | 20250508152654.0 | ||
| 008 | 008 250505s9999 xx 000 0 eng d | ||
| 037 | _aReference | ||
| 040 |
_aFEDL _beng _cFEDL |
||
| 041 |
_aeng _2eng |
||
| 084 |
_a954, MAJ _qFEDL |
||
| 100 | _aMajumdar R C | ||
| 245 | 0 | _aDelhi sultanate | |
| 260 |
_aBombay, India _bBharatiya Vidya Bhavan _c1960 |
||
| 300 | _axxxviii,882p. | ||
| 490 | _aHistory and culture of the Indian people | ||
| 942 |
_cREF _h954, MAJ |
||
| 999 |
_c1337955 _d1337955 |
||